Detalles MARC
| 000 -CABECERA |
| Longitud fija campo de control |
01771nam a2200361Ic 4500 |
| 003 - • IDENTIFICADOR DELl NÚMERO DE CONTROL |
| Identificador del número de control |
CO-BoRNBP |
| 005 - • FECHA Y HORA DE LA ÚLTIMA TRANSACCIÓN |
| Fecha y hora de la última transacción |
20251114152719.0 |
| 007 - • CAMPO FIJO DE DESCRIPCIÓN FÍSICA |
| Campo fijo de descripción física |
ta |
| 008 - • CÓDIGOS DE INFORMACIÓN DE LONGITUD FIJA |
| Códigos de información de longitud fija |
210818r20162018ck er 000 0dspa d |
| 020 ## - • NÚMERO INTERNACIONAL NORMALIZADO PARA LIBROS |
| Número Internacional Normalizado para Libros (ISBN) |
9789589219447 |
| 040 ## - FUENTE DE LA CATALOGACIÓN |
| Centro catalogador de origen |
CO-BoRNBP |
| Lengua de catalogación |
spa |
| Normas de descripción |
rda |
| Centro transcriptor |
CO-BoRNBP |
| 041 0# - • CÓDIGO DE LENGUA |
| Código de lengua del texto/banda sonora o título independiente |
spa |
| 082 04 - • NÚMERO DE LA CLASIFICACIÓN DECIMAL DEWEY |
| Número de clasificación (R) |
808.84 |
| Número del ítem |
P67n |
| Número de edición |
22 |
| 100 ## - • PUNTO DE ACCESO PRINCIPAL-NOMBRE DE PERSONA |
| Nombre de persona |
Posada-Carbó, Eduardo, |
| Fechas asociadas al nombre |
1956- |
| Término indicativo de función |
aut |
| 245 13 - • TITULO PROPIAMENTE DICHO |
| Título |
La novela como historia / |
| Mención de responsabilidad, etc. |
Eduardo Posada Carbó ; prólogo Ilan Stavans. |
| 250 ## - • MENCIÓN DE EDICIÓN |
| Mención de edición |
Primera edición |
| 264 #1 - PRODUCCIÓN, PUBLICACIÓN , DISTRIBUCIÓN, FABRICACIÓN Y COPYRIGHT |
| Lugar de producción, publicación, distribución, fabricación |
Bogotá, Colombia : |
| Nombre del productor, editor, distribuidor, fabricante |
Penguin Random House, |
| Fecha de de producción, publicación, distribución, fabricación o copyright |
2018 |
| 300 ## - • DESCRIPCIÓN FÍSICA |
| Extensión |
122 páginas |
| 336 ## - TIPO DE CONTENIDO |
| Término de tipo de contenido |
texto |
| Código de tipo de contenido |
txt |
| Fuente |
rdacontent |
| 337 ## - TIPO DE MEDIO |
| Nombre del tipo de medio |
sin mediación |
| Código del tipo de medio |
n |
| Fuente |
rdamedia |
| 338 ## - TIPO DE SOPORTE |
| Nombre del tipo de soporte |
volumen |
| Código del tipo de soporte |
nc |
| Fuente |
rdacarrier |
| 505 0# - • NOTA DE CONTENIDO CON FORMATO |
| Nota de contenido con formato |
Usos y abusos de la historia. Divergencias con anotaciones de García Márquez -- La novela como historia. Cien años de soledad y las bananeras -- La historia y falsos recuerdos (A próposico de las memorias de Gabriel García Márquez) -- Barranquilla en la visión de Maverl Moreno: Reflexiones de un historiador de la cuidad -- Alfonso Fuenmayor y el periodismo barranquillero -- Carnaval: Fiesta de la vida |
| 521 ## - • NOTA DE PÚBLICO DESTINATARIO |
| Nota público destinatario (R ) |
Recomendado para un público adulto |
| 545 ## - DATOS BIOGRÁFICOS O HISTÓRICOS |
| Datos bigr´ficos o históricos |
Incluye datos biográficos del autor en la solapa |
| 600 #0 - • PUNTO DE ACCESO ADICIONAL DE MATERIA - NOMBRE DE PERSONA |
| Nombre de persona |
Fuenmayor Campi, Alfonso |
| Fechas asociadas al nombre |
1915-1994 |
| Subdivisión de materia general (R ) |
Crítica e interpretación |
| 600 #0 - • PUNTO DE ACCESO ADICIONAL DE MATERIA - NOMBRE DE PERSONA |
| Nombre de persona |
Garcia Márquez, Gabriel |
| Fechas asociadas al nombre |
1927-2014 |
| Subdivisión de materia general (R ) |
Crítica e interpretación |
| 600 #0 - • PUNTO DE ACCESO ADICIONAL DE MATERIA - NOMBRE DE PERSONA |
| Nombre de persona |
Moreno Abello, Marvel Luz |
| Fechas asociadas al nombre |
1939-1995 |
| Subdivisión de materia general (R ) |
Crítica e interpretación |
| 650 04 - • PUNTO DE ACCESO ADICIONAL DE MATERIA - TÉRMINO DE MATERIA |
| Término de materia o nombre geográfico como elemento inicial |
Novela colombiana |
| Subdivisión de materia general |
Historia y crítica |
| Subdivisión de forma |
Fotografías |
| Fuente del encabezamiento o término |
LEMB |
| 650 04 - • PUNTO DE ACCESO ADICIONAL DE MATERIA - TÉRMINO DE MATERIA |
| Término de materia o nombre geográfico como elemento inicial |
Literatura colombiana |
| Subdivisión de materia general |
Historia y crítica |
| Subdivisión de forma |
Fotografías |
| Fuente del encabezamiento o término |
LEMB |
| 700 ## - • PUNTO DE ACCESO ADICIONAL - NOMBRE DE PERSONA |
| Nombre de persona |
Stavans, Ilan, |
| Fechas asociadas al nombre |
1961- |
| Término indicativo de función |
wfw |
| 942 ## - ENTRADA DE ELEMENTOS AGREGADOS (KOHA) |
| Fuente de clasificaión o esquema |
Dewey Decimal Classification |
| Koha [por defecto] tipo de item |
LIbro |